[Event "Southend Easter op 64th"]
[Site "Southend-on-Sea"]
[Date "2022.04.16"]
[Round "3.30"]
[White "Pandit, Kabir"]
[Black "Ball, Charlie"]
[Result "1-0"]
[WhiteElo "1826"]
[BlackElo "1272"]
[PlyCount "95"]
[EventDate "2022.04.15"]
[EventType "swiss"]
[EventRounds "7"]
[EventCountry "ENG"]

1. c4 e5 2. g3 Nf6 3. Bg2 Bc5 4. Nc3 d6 5. e3 Nc6 6. Nge2 Be6 7. d4 exd4 8.
exd4 Nxd4 9. Nxd4 c6 10. Nxe6 fxe6 11. O-O O-O 12. Qe2 e5 13. Bg5 Qa5 14. Bxf6
Rxf6 15. Ne4 Rf7 16. a3 Qb6 17. Bh3 Re8 18. b4 Bd4 19. Nxd6 Bxa1 20. Rxa1 Qd4
21. Rd1 Rxf2 22. Rxd4 Rxe2 23. Rd3 Rf8 24. Be6+ Kh8 25. Nf7+ Kg8 26. Nxe5+ Kh8
27. Nf7+ Kg8 28. Ng5+ Kh8 29. Bg4 Ref2 30. Ne6 Rf1+ 31. Kg2 R1f2+ 32. Kh3 Re8
33. Nf4 g5 34. Nh5 Ref8 35. Bd1 h6 36. g4 Ra2 37. Bf3 Re8 38. Nf6 Rf8 39. Ne4
Rc2 40. c5 Kg8 41. Ng3 Ra2 42. Bd1 Kh8 43. Ne4 Rf1 44. Rd8+ Kg7 45. Rd7+ Rf7
46. Rxf7+ Kxf7 47. Bb3+ Ke7 48. Bxa2 1-0

[Event "Southend Easter op 64th"]
[Site "Southend-on-Sea"]
[Date "2022.04.16"]
[Round "3.31"]
[White "Lim, Mark"]
[Black "Freeman, Ashley"]
[Result "1/2-1/2"]
[WhiteElo "1796"]
[BlackElo "1988"]
[PlyCount "51"]
[EventDate "2022.04.15"]
[EventType "swiss"]
[EventRounds "7"]
[EventCountry "ENG"]

1. d4 f5 2. Nf3 Nf6 3. e3 e6 4. Be2 b6 5. O-O Bb7 6. c4 Be7 7. Nc3 O-O 8. b3
Ne4 9. Nxe4 fxe4 10. Nd2 Bb4 11. a3 Bxd2 12. Bxd2 Qh4 13. Qe1 Qg5 14. Kh1 d6
15. f4 exf3 16. Bxf3 Bxf3 17. Rxf3 Rxf3 18. gxf3 Qf5 19. Qg3 Nd7 20. Rg1 g6 21.
e4 Qf6 22. Be3 Rf8 23. Rf1 e5 24. Bg5 Qe6 25. d5 Qe8 26. Kg2 1/2-1/2

[Event "Southend Easter op 64th"]
[Site "Southend-on-Sea"]
[Date "2022.04.16"]
[Round "3.32"]
[White "Badacsonyi, Stanley"]
[Black "Brown, Geoffrey M"]
[Result "1-0"]
[WhiteElo "1476"]
[BlackElo "1906"]
[PlyCount "33"]
[EventDate "2022.04.15"]
[EventType "swiss"]
[EventRounds "7"]
[EventCountry "ENG"]

1. d4 e6 2. Nc3 d5 3. Bf4 Nf6 4. e3 Be7 5. Bd3 a6 6. Nf3 c5 7. dxc5 Bxc5 8. O-O
Nc6 9. Qe2 Nb4 10. Rad1 Nxd3 11. Qxd3 Bd7 12. Ne5 Bc6 13. e4 dxe4 14. Qxd8+
Rxd8 15. Rxd8+ Kxd8 16. Nxf7+ Ke7 17. Nxh8 1-0

[Event "Southend Easter op 64th"]
[Site "Southend-on-Sea"]
[Date "2022.04.16"]
[Round "3.33"]
[White "Valentine, Tim"]
[Black "Staniland, Philip"]
[Result "0-1"]
[WhiteElo "1591"]
[BlackElo "1902"]
[PlyCount "96"]
[EventDate "2022.04.15"]
[EventType "swiss"]
[EventRounds "7"]
[EventCountry "ENG"]

1. c4 c6 2. e4 e5 3. g3 Bc5 4. Bg2 Ne7 5. Ne2 d5 6. cxd5 cxd5 7. exd5 Nxd5 8.
d4 exd4 9. Nxd4 O-O 10. O-O Bxd4 11. Qxd4 Be6 12. Bxd5 Qxd5 13. Qxd5 Bxd5 14.
Nc3 Bc6 15. Bf4 Na6 16. Rad1 Rfe8 17. Rfe1 Rxe1+ 18. Rxe1 Nb4 19. Rd1 Re8 20.
a3 Bf3 21. Rb1 Nd3 22. Be3 a6 23. Kf1 Ne5 24. h3 Nc4 25. Ke1 Nxe3 26. fxe3
Rxe3+ 27. Kf2 Rd3 28. Re1 Bc6 29. Re3 Rd4 30. Ke2 f5 31. b3 Kf7 32. a4 g5 33.
Nd1 h5 34. Nf2 f4 35. gxf4 gxf4 36. Rc3 Kf6 37. Rc5 Rd5 38. Rc3 Re5+ 39. Kd2 f3
40. Re3 Rg5 41. Ne4+ Bxe4 42. Rxe4 Rf5 43. Re1 Kg5 44. Rg1+ Kh4 45. Ke3 f2 46.
Rf1 Kg3 47. Ke2 Re5+ 48. Kd2 Kg2 0-1

[Event "Southend Easter op 64th"]
[Site "Southend-on-Sea"]
[Date "2022.04.16"]
[Round "3.34"]
[White "Ball, Katie C"]
[Black "Ingham, H William"]
[Result "0-1"]
[WhiteElo "1307"]
[BlackElo "1871"]
[PlyCount "114"]
[EventDate "2022.04.15"]
[EventType "swiss"]
[EventRounds "7"]
[EventCountry "ENG"]

1. d4 Nf6 2. Nc3 d6 3. Bf4 c6 4. e4 Qa5 5. Qd2 e5 6. Bg3 Be7 7. Nf3 Nbd7 8. Bd3
O-O 9. O-O Nh5 10. Nd5 Qd8 11. Nxe7+ Qxe7 12. Bh4 f6 13. Bc4+ Kh8 14. Rad1 Nb6
15. Bb3 Bg4 16. h3 Bxf3 17. gxf3 Nf4 18. Bg3 Nxh3+ 19. Kg2 Ng5 20. Rh1 Rad8 21.
Rh2 d5 22. dxe5 Nxf3 23. Qe3 Nxh2 24. Kxh2 fxe5 25. Rh1 d4 26. Qe2 Nd7 27. Qh5
g6 28. Qg4 Nf6 29. Qh4 Rde8 30. Kg2 Nh5 31. Qg4 Nxg3 32. fxg3 Qf6 33. Qh4 Qxh4
34. Rxh4 Rf6 35. Rg4 h6 36. Rh4 Kg7 37. Rh2 Ref8 38. Kg1 Rf1+ 39. Kg2 R1f2+ 40.
Kg1 Rxh2 41. Kxh2 Rf2+ 42. Kh3 Re2 43. Kg4 Rxe4+ 44. Kf3 Re3+ 45. Kf2 Rxb3 46.
axb3 Kf6 47. Kf3 h5 48. c3 Kf5 49. cxd4 exd4 50. b4 b5 51. b3 g5 52. Ke2 h4 53.
Kd3 Ke5 54. Ke2 h3 55. Kf3 d3 56. g4 h2 57. Kg2 d2 0-1

[Event "Southend Easter op 64th"]
[Site "Southend-on-Sea"]
[Date "2022.04.16"]
[Round "3.35"]
[White "Pereslavtsev, Alexandr"]
[Black "Volovich, Julia"]
[Result "0-1"]
[WhiteElo "1675"]
[BlackElo "1802"]
[PlyCount "104"]
[EventDate "2022.04.15"]
[EventType "swiss"]
[EventRounds "7"]
[EventCountry "ENG"]

1. d4 Nf6 2. c4 g6 3. Nc3 d5 4. cxd5 Nxd5 5. e4 Nxc3 6. bxc3 c5 7. Bc4 Bg7 8.
Ne2 O-O 9. O-O Nc6 10. Be3 Bg4 11. f3 Na5 12. Bxf7+ Rxf7 13. fxg4 Rxf1+ 14.
Kxf1 cxd4 15. cxd4 Qd6 16. Kg1 Qe6 17. Ng3 Rd8 18. a3 b6 19. Rb1 Qd6 20. Rb4
Nc6 21. Qb3+ Kh8 22. e5 Qd7 23. Ra4 Na5 24. Qb4 Qxg4 25. Qb1 Bxe5 26. Qa1 Bg7
27. Rb4 Nc6 28. Rc4 Nxd4 29. Qc1 Qe6 30. Bxd4 Bxd4+ 31. Kh1 Bf6 32. Re4 Qb3 33.
Re1 Qb2 34. Qxb2 Bxb2 35. h3 Bxa3 36. Ra1 Bd6 37. Rd1 Bc7 38. Rxd8+ Bxd8 39.
Kg1 Kg7 40. Kf2 e6 41. Ke3 Bf6 42. Ne4 a5 43. Kd3 Be7 44. Nd2 Bc5 45. Nc4 a4
46. Kc3 a3 47. Kb3 Kf6 48. Nxa3 Bxa3 49. Kxa3 Ke5 50. Kb4 Kf4 51. Kb5 e5 52.
Kc4 e4 0-1

[Event "Southend Easter op 64th"]
[Site "Southend-on-Sea"]
[Date "2022.04.16"]
[Round "3.36"]
[White "Steiners, Emils"]
[Black "Rebonato Scott, Sebastiano"]
[Result "1/2-1/2"]
[WhiteElo "1731"]
[BlackElo "1518"]
[PlyCount "162"]
[EventDate "2022.04.15"]
[EventType "swiss"]
[EventRounds "7"]
[EventCountry "ENG"]

1. e4 c5 2. d4 cxd4 3. c3 Nf6 4. e5 Nd5 5. Nf3 e6 6. Bc4 d6 7. cxd4 Be7 8. O-O
O-O 9. Nc3 Nxc3 10. bxc3 Nd7 11. exd6 Bxd6 12. Bd3 Qc7 13. Qc2 h6 14. c4 b6 15.
Bh7+ Kh8 16. Be4 Bb7 17. Bxb7 Qxb7 18. Bb2 Rac8 19. Qe2 Rfe8 20. Rac1 Nf6 21.
Rfe1 Qe7 22. Ne5 Kg8 23. Qf3 Bxe5 24. Rxe5 Red8 25. Ree1 Qd6 26. h3 Qc6 27.
Qxc6 Rxc6 28. g3 Rdc8 29. c5 bxc5 30. Rxc5 Rxc5 31. dxc5 Rxc5 32. Bxf6 gxf6 33.
Re2 Kg7 34. Kg2 f5 35. f4 a5 36. g4 Kf6 37. Rb2 a4 38. Kg3 Rc3+ 39. Kh4 fxg4
40. hxg4 Rc4 41. Rf2 Kg6 42. Kg3 f5 43. gxf5+ Kxf5 44. Rf3 Rb4 45. Rf2 h5 46.
Rh2 Kg6 47. Re2 Kf6 48. Rh2 Rb5 49. Kf3 a3 50. Kg3 Rc5 51. Kf3 Kg6 52. Rg2+ Kf6
53. Rh2 Rb5 54. Kg3 Kg6 55. Re2 Kf5 56. Rh2 Ke4 57. Re2+ Kf5 58. Rh2 Kf6 59.
Kf3 Rb2 60. Rxh5 Rxa2 61. Ra5 Ra1 62. Kg2 a2 63. Kh2 Rf1 64. Rxa2 Rxf4 65. Kg3
e5 66. Rf2 Rxf2 67. Kxf2 Kg5 68. Ke3 Kf5 69. Kf3 Ke6 70. Ke4 Kd6 71. Ke3 Kd5
72. Kd3 e4+ 73. Ke3 Ke5 74. Ke2 Kd4 75. Kd2 e3+ 76. Ke2 Ke4 77. Ke1 Kf4 78. Ke2
Ke4 79. Ke1 Kd3 80. Kd1 e2+ 81. Ke1 Ke3 1/2-1/2

[Event "Southend Easter op 64th"]
[Site "Southend-on-Sea"]
[Date "2022.04.16"]
[Round "4.1"]
[White "Maycock Bates, David Henry"]
[Black "Walker, Martin G"]
[Result "1-0"]
[WhiteElo "2183"]
[BlackElo "2187"]
[PlyCount "69"]
[EventDate "2022.04.15"]
[EventType "swiss"]
[EventRounds "7"]
[EventCountry "ENG"]

1. e4 e5 2. Nf3 Nc6 3. Bb5 a6 4. Ba4 Nf6 5. O-O Nxe4 6. d4 b5 7. Bb3 d5 8. dxe5
Be6 9. Qe2 Be7 10. Rd1 Na5 11. Nbd2 Nxb3 12. cxb3 Nxd2 13. Bxd2 c5 14. b4 O-O
15. bxc5 Bxc5 16. Be3 Rc8 17. h3 Qb6 18. Rac1 Bxe3 19. Qxe3 Qxe3 20. fxe3 Rfe8
21. Kf2 Kf8 22. Ke2 Ke7 23. Nd4 Rxc1 24. Rxc1 Rc8 25. Rc6 Rxc6 26. Nxc6+ Kd7
27. Nb8+ Kc7 28. Nxa6+ Kb6 29. Nb4 Kc5 30. Nd3+ Kc6 31. Kd2 Bf5 32. Kc3 g5 33.
Kd4 Be4 34. Nb4+ Kb7 35. g3 1-0

[Event "Southend Easter op 64th"]
[Site "Southend-on-Sea"]
[Date "2022.04.16"]
[Round "4.2"]
[White "Nilsson, Joakim 2000"]
[Black "Grieve, Harry"]
[Result "1/2-1/2"]
[WhiteElo "2175"]
[BlackElo "2387"]
[PlyCount "58"]
[EventDate "2022.04.15"]
[EventType "swiss"]
[EventRounds "7"]
[EventCountry "ENG"]

1. d4 d5 2. c4 e6 3. Nc3 c6 4. e3 f5 5. Bd3 Nf6 6. Nf3 Bd6 7. b3 O-O 8. Bb2 b6
9. O-O Ne4 10. Ne2 Nd7 11. Ne5 Bb7 12. Qc2 Rc8 13. f3 Nec5 14. Nxd7 Nxd7 15. e4
fxe4 16. fxe4 dxe4 17. Bxe4 Qh4 18. g3 Qh5 19. Rae1 Rce8 20. Qd2 e5 21. d5 c5
22. Nc3 Nf6 23. Bg2 Bc8 24. Ne4 Nxe4 25. Bxe4 Bh3 26. Rxf8+ Rxf8 27. Bg2 Bxg2
28. Qxg2 Qf5 29. Qe2 e4 1/2-1/2

[Event "Southend Easter op 64th"]
[Site "Southend-on-Sea"]
[Date "2022.04.16"]
[Round "4.3"]
[White "Haydon, David L"]
[Black "Burnett, Andrew"]
[Result "1/2-1/2"]
[WhiteElo "2282"]
[BlackElo "2163"]
[PlyCount "40"]
[EventDate "2022.04.15"]
[EventType "swiss"]
[EventRounds "7"]
[EventCountry "ENG"]

1. Nf3 Nf6 2. b3 g6 3. Bb2 Bg7 4. c4 d6 5. d4 O-O 6. Nc3 c5 7. e3 cxd4 8. Qxd4
Nc6 9. Qd2 Qa5 10. Be2 Ne4 11. Nxe4 Qxd2+ 12. Nfxd2 Bxb2 13. Rb1 Bg7 14. f4 Nb4
15. a4 d5 16. cxd5 Nxd5 17. Kf2 e5 18. fxe5 Bxe5 19. Nc4 Bg7 20. Rbd1 Be6
1/2-1/2

[Event "Southend Easter op 64th"]
[Site "Southend-on-Sea"]
[Date "2022.04.16"]
[Round "4.5"]
[White "Villiers, Thomas"]
[Black "Onslow, Alfie"]
[Result "1-0"]
[WhiteElo "2219"]
[BlackElo "2077"]
[PlyCount "153"]
[EventDate "2022.04.15"]
[EventType "swiss"]
[EventRounds "7"]
[EventCountry "ENG"]

1. Nf3 d5 2. d4 Nf6 3. Bf4 c5 4. c3 Nc6 5. e3 Qb6 6. Qb3 c4 7. Qc2 Bf5 8. Qc1
h6 9. h3 e6 10. Nbd2 Rc8 11. Be2 Qd8 12. O-O Be7 13. b3 b5 14. a4 a6 15. axb5
axb5 16. Ra6 O-O 17. bxc4 bxc4 18. Qb2 Nb8 19. Ra4 Rc6 20. Rfa1 Rb6 21. Qa2 Nc6
22. Ra6 g5 23. Bg3 Bg6 24. Qa4 Nd7 25. Rxb6 Qxb6 26. e4 Bxe4 27. Nxe4 dxe4 28.
Nd2 Qb2 29. Nxe4 Rc8 30. Qa2 Qxa2 31. Rxa2 Nb6 32. Ra6 Nd5 33. Bxc4 Nxd4 34.
Bxd5 Ne2+ 35. Kf1 Nxg3+ 36. Nxg3 exd5 37. Ne2 Bf8 38. Ke1 d4 39. cxd4 Rc2 40.
Ng3 Bb4+ 41. Kf1 Rd2 42. Nf5 h5 43. Ra7 Kh7 44. Rxf7+ Kg6 45. Rb7 Bf8 46. Ke1
Ra2 47. Ne3 Bg7 48. Rb6+ Kf7 49. Nf5 Bf6 50. d5 Bc3+ 51. Kf1 Ra5 52. Nd6+ Ke7
53. Ne4 Bd4 54. Rb7+ Kd8 55. d6 Rd5 56. Ke2 g4 57. f4 gxf3+ 58. gxf3 Be5 59.
Rh7 Bxd6 60. Nxd6 Rxd6 61. Rxh5 Rd4 62. Ke3 Ra4 63. Re5 Rh4 64. f4 Rxh3+ 65.
Ke4 Kd7 66. Kf5 Rh5+ 67. Kf6 Rh6+ 68. Kg7 Rh4 69. f5 Kd6 70. Re1 Rg4+ 71. Kf7
Kd7 72. Rd1+ Kc8 73. f6 Rg2 74. Ke7 Re2+ 75. Kf8 Rf2 76. f7 Kc7 77. Rg1 1-0

[Event "Southend Easter op 64th"]
[Site "Southend-on-Sea"]
[Date "2022.04.16"]
[Round "4.6"]
[White "Hill, Alistair"]
[Black "Schwartz, Julius"]
[Result "0-1"]
[WhiteElo "2223"]
[BlackElo "2118"]
[PlyCount "100"]
[EventDate "2022.04.15"]
[EventType "swiss"]
[EventRounds "7"]
[EventCountry "ENG"]

1. e4 c5 2. Nf3 d6 3. Bb5+ Nd7 4. Ba4 Ngf6 5. O-O a6 6. c4 g6 7. Nc3 Bg7 8. d4
cxd4 9. Nxd4 O-O 10. h3 Ne5 11. Qe2 Bd7 12. Bxd7 Nfxd7 13. f4 Nc6 14. Nxc6 bxc6
15. Be3 Qa5 16. Rac1 Rab8 17. Qd2 Nc5 18. e5 Rfd8 19. exd6 Rxd6 20. Qe2 Nd3 21.
Rc2 Rbd8 22. Kh1 Bxc3 23. bxc3 Qf5 24. Bb6 R8d7 25. Qg4 Qxg4 26. hxg4 c5 27.
Ba5 Re6 28. Rd2 Re4 29. Kh2 Rxc4 30. Rf3 Ra4 31. Bb6 c4 32. f5 Ra3 33. Bd4 f6
34. fxg6 hxg6 35. g5 e5 36. Rxf6 exd4 37. cxd4 Rxd4 38. Rxg6+ Kf7 39. Rc6 Ra5
40. g6+ Kg7 41. Re2 Ne5 42. Rb6 c3 43. Rc2 Ra3 44. Rb3 Rxb3 45. axb3 Rd3 46.
Kg1 Nc6 47. Kf1 Nd4 48. Rc1 Nxb3 49. Rc2 Rd1+ 50. Ke2 Rd2+ 0-1

[Event "Southend Easter op 64th"]
[Site "Southend-on-Sea"]
[Date "2022.04.16"]
[Round "4.7"]
[White "Ledger, Stephen C"]
[Black "Bates, Richard A"]
[Result "0-1"]
[WhiteElo "2010"]
[BlackElo "2356"]
[PlyCount "84"]
[EventDate "2022.04.15"]
[EventType "swiss"]
[EventRounds "7"]
[EventCountry "ENG"]

1. d4 Nf6 2. Bg5 d5 3. Nf3 Ne4 4. Bf4 c5 5. e3 Nc6 6. c3 Qb6 7. Qb3 c4 8. Qc2
Bf5 9. Qc1 e6 10. Nbd2 Be7 11. Nxe4 Bxe4 12. Be2 O-O 13. O-O Rfc8 14. Bd1 Qd8
15. Bc2 Bxf3 16. gxf3 b5 17. a3 a5 18. e4 Bd6 19. exd5 exd5 20. Bf5 Qf6 21.
Bxd6 Qxf5 22. Qf4 Qxf4 23. Bxf4 Re8 24. Rfe1 f6 25. Kf1 Kf7 26. Bd6 Rxe1+ 27.
Rxe1 Re8 28. Re3 Re6 29. Bc7 a4 30. Ke2 Ne7 31. Rxe6 Kxe6 32. Bb8 Kf5 33. Ke3
Kg5 34. Bc7 Nf5+ 35. Ke2 Nh4 36. Bb8 Ng2 37. Kf1 Nf4 38. h4+ Kf5 39. Bd6 Nd3
40. Bf8 g6 41. Ke2 Nxb2 42. Bd6 Nd3 0-1

[Event "Southend Easter op 64th"]
[Site "Southend-on-Sea"]
[Date "2022.04.16"]
[Round "4.8"]
[White "Baer, Bruce L"]
[Black "Jones, Steven A"]
[Result "1/2-1/2"]
[WhiteElo "1992"]
[BlackElo "2246"]
[PlyCount "100"]
[EventDate "2022.04.15"]
[EventType "swiss"]
[EventRounds "7"]
[EventCountry "ENG"]

1. Nf3 Nf6 2. g3 b5 3. Bg2 Bb7 4. d3 e6 5. e4 d5 6. e5 Nfd7 7. O-O c5 8. Re1
Nc6 9. Bf4 Be7 10. h4 a5 11. h5 g5 12. hxg6 hxg6 13. Qd2 Qc7 14. Nc3 Qb6 15. a4
b4 16. Nb5 O-O-O 17. Bg5 Rde8 18. Bxe7 Rxe7 19. c3 Kb8 20. cxb4 Nxb4 21. d4 Ba6
22. Bf1 cxd4 23. Qg5 Ree8 24. Nd6 Nc2 25. Bxa6 Qxa6 26. Nxe8 Rxe8 27. Qf4 Qb7
28. Nxd4 Nxe1 29. Rxe1 Nc5 30. Qd2 Qb6 31. b4 Ne4 32. bxa5 Nxd2 33. axb6 Kb7
34. Nb5 Nf3+ 35. Kf1 Nxe1 36. Nd6+ Kxb6 37. Nxe8 Nf3 38. Nd6 Nxe5 39. f4 Nc6
40. Nxf7 Ka5 41. Ke2 Kxa4 42. Kd3 Kb4 43. Ng5 Nd8 44. Kd4 Kb5 45. Nxe6 Nxe6+
46. Kxd5 Ng7 47. g4 Kb6 48. Ke5 Ne8 49. Ke6 Kc5 50. Kf7 Kd5 1/2-1/2

[Event "Southend Easter op 64th"]
[Site "Southend-on-Sea"]
[Date "2022.04.16"]
[Round "4.9"]
[White "Eames, Robert S"]
[Black "Hebbes, Tim"]
[Result "0-1"]
[WhiteElo "2140"]
[BlackElo "2049"]
[PlyCount "94"]
[EventDate "2022.04.15"]
[EventType "swiss"]
[EventRounds "7"]
[EventCountry "ENG"]

1. e4 e6 2. d4 d5 3. e5 c5 4. c3 Nc6 5. Nf3 Bd7 6. Be2 cxd4 7. cxd4 Nge7 8. Nc3
Nf5 9. O-O Be7 10. g4 Nh4 11. Nxh4 Bxh4 12. Be3 f6 13. f4 O-O 14. Qd2 fxe5 15.
dxe5 Be7 16. Rad1 Qa5 17. Bf3 Rad8 18. Qe2 Bc5 19. Nxd5 exd5 20. Rxd5 Bxe3+ 21.
Qxe3 Qb6 22. Qxb6 axb6 23. f5 Ne7 24. Rd6 Bc6 25. Re6 Bxf3 26. Rxf3 Nc6 27. Re3
Rd2 28. b4 b5 29. f6 Kf7 30. fxg7 Kxg7 31. g5 Rf5 32. h4 Rd5 33. Rf6 Rdxe5 34.
Rxe5 Rxe5 35. Kf2 Re4 36. h5 Rxb4 37. h6+ Kg8 38. Ke3 Rg4 39. Rf5 b4 40. Rd5
Ne7 41. Rd7 Kf7 42. Rxb7 Rxg5 43. Kf4 Ra5 44. Ke4 Rxa2 45. Rxb4 Rh2 46. Rb6 Rh5
47. Ra6 Rg5 0-1

[Event "Southend Easter op 64th"]
[Site "Southend-on-Sea"]
[Date "2022.04.16"]
[Round "4.10"]
[White "Thatte, Nishchal"]
[Black "Willmoth, Robert F"]
[Result "0-1"]
[WhiteElo "1892"]
[BlackElo "2106"]
[PlyCount "102"]
[EventDate "2022.04.15"]
[EventType "swiss"]
[EventRounds "7"]
[EventCountry "ENG"]

1. d4 d6 2. Nf3 Bg4 3. e4 g6 4. Bc4 Nf6 5. h3 Bxf3 6. Qxf3 Nbd7 7. g4 e6 8. Bg5
h6 9. Be3 Nb6 10. Bd3 Bg7 11. Nd2 Qe7 12. O-O-O O-O-O 13. Nb3 Nfd7 14. Na5 c5
15. c3 Kb8 16. Ba6 cxd4 17. Bxb7 Ne5 18. Qg3 dxe3 19. Ba6 exf2 20. Qxf2 Qc7 21.
Qe2 Nc6 22. Nb7 Rd7 23. Qb5 Ka8 24. Rd2 Rb8 25. Rhd1 Rxb7 26. Bxb7+ Kxb7 27. a4
a6 28. Qb3 Be5 29. Kb1 Ka7 30. Rf2 d5 31. exd5 Rxd5 32. Rdf1 Rd7 33. Qc2 f5 34.
gxf5 gxf5 35. Rg2 Rg7 36. Rfg1 Rxg2 37. Rxg2 Qf7 38. b4 Nd5 39. b5 Nxc3+ 40.
Kc1 axb5 41. axb5 Nd4 42. Qb2 Bf4+ 43. Rd2 Bxd2+ 44. Kxd2 Ndxb5 45. Qa1+ Kb7
46. Qh1+ Ne4+ 47. Ke3 Qc7 48. h4 Qg3+ 49. Ke2 Nd4+ 50. Kd1 Qd3+ 51. Ke1 Qe2#
0-1

[Event "Southend Easter op 64th"]
[Site "Southend-on-Sea"]
[Date "2022.04.16"]
[Round "4.11"]
[White "Varnam, Liam D"]
[Black "Rogers, Tim L"]
[Result "1/2-1/2"]
[WhiteElo "2087"]
[BlackElo "1986"]
[PlyCount "119"]
[EventDate "2022.04.15"]
[EventType "swiss"]
[EventRounds "7"]
[EventCountry "ENG"]

1. e4 d6 2. d4 Nf6 3. Nc3 e5 4. Nf3 exd4 5. Nxd4 Be7 6. Bd3 O-O 7. O-O c6 8. a4
Re8 9. Kh1 Nbd7 10. f4 Nc5 11. Qf3 d5 12. e5 Nfe4 13. Nce2 f6 14. b4 fxe5 15.
fxe5 Rf8 16. Bf4 Nxd3 17. Qxd3 Bxb4 18. Ng3 Nc5 19. Qe3 Ne6 20. Ndf5 Bc5 21.
Qd2 Kh8 22. Rf3 Nxf4 23. Rxf4 Qg5 24. h4 Qd8 25. Qc3 b6 26. Raf1 Bxf5 27. Nxf5
Rxf5 28. Rxf5 Qxh4+ 29. Qh3 Qe7 30. e6 h6 31. Rf7 Qg5 32. R7f5 Qe7 33. Qg4 Rg8
34. Rf7 Qg5 35. Qxg5 hxg5 36. e7 a5 37. Re1 Re8 38. Re6 Kg8 39. Rf8+ Rxf8 40.
exf8=Q+ Kxf8 41. Rxc6 Ke7 42. Kh2 Kd7 43. Rg6 Bd4 44. Rxg5 Kc6 45. Kh3 Kc5 46.
Rg4 Bf6 47. Rg3 b5 48. axb5 Kxb5 49. Rb3+ Kc4 50. Re3 Bc3 51. Kg4 Bb4 52. Re2
Kb5 53. Kf5 a4 54. Ke5 Bc3+ 55. Kxd5 Kb4 56. g4 a3 57. Ke4 Bf6 58. Kf5 Kc3 59.
Re3+ Kxc2 60. Rxa3 1/2-1/2

[Event "Southend Easter op 64th"]
[Site "Southend-on-Sea"]
[Date "2022.04.16"]
[Round "4.12"]
[White "Mehrafarin, Amirabbas"]
[Black "Dougherty, Michael"]
[Result "0-1"]
[WhiteElo "1716"]
[BlackElo "2066"]
[PlyCount "64"]
[EventDate "2022.04.15"]
[EventType "swiss"]
[EventRounds "7"]
[EventCountry "ENG"]

1. d4 Nf6 2. Bf4 c5 3. dxc5 Na6 4. c6 bxc6 5. c4 d6 6. Nc3 Bf5 7. f3 e5 8. e4
exf4 9. exf5 Rb8 10. Qd2 Qa5 11. Bd3 Nc5 12. Rb1 d5 13. Nge2 Nxd3+ 14. Qxd3 Bc5
15. Nd4 dxc4 16. Qe2+ Kd7 17. Qxc4 Rhe8+ 18. Kf1 Bxd4 19. Qxd4+ Kc8 20. b4 Qxf5
21. Qc4 Re6 22. Rb2 Qe5 23. Re2 Qd6 24. Rxe6 fxe6 25. b5 Nd5 26. Nxd5 exd5 27.
Qc2 Rxb5 28. a4 Rb4 29. Kf2 Qf6 30. Rb1 Qd4+ 31. Ke1 Rxb1+ 32. Qxb1 Qg1+ 0-1

[Event "Southend Easter op 64th"]
[Site "Southend-on-Sea"]
[Date "2022.04.16"]
[Round "4.13"]
[White "Potter, John M"]
[Black "Dias, Savin"]
[Result "0-1"]
[WhiteElo "2055"]
[BlackElo "1968"]
[PlyCount "79"]
[EventDate "2022.04.15"]
[EventType "swiss"]
[EventRounds "7"]
[EventCountry "ENG"]

1. e4 c5 2. Nc3 g6 3. g3 Bg7 4. Bg2 Nc6 5. d3 d6 6. f4 e5 7. Nf3 Nge7 8. O-O
O-O 9. Be3 Nd4 10. Qd2 Rb8 11. Nd1 f5 12. Nh4 Bf6 13. fxe5 dxe5 14. c3 Bxh4 15.
cxd4 f4 16. Bf2 Bg5 17. dxc5 f3 18. Qxg5 fxg2 19. Re1 Qxd3 20. Qe3 Qd7 21. Qb3+
Kg7 22. Ne3 Qh3 23. Re2 Nc6 24. Nxg2 Bg4 25. Rd2 Rf7 26. Qc3 Rf3 27. Qc4 Rbf8
28. Rf1 Be6 29. Qe2 R3f7 30. a3 Kg8 31. Qd1 Nd4 32. Rxd4 exd4 33. Qxd4 Qg4 34.
Nf4 Rxf4 35. Qe5 Rxe4 36. Qc7 Qf3 37. Qxb7 Bc4 38. b3 Bxf1 39. Qd5+ Qf7 40.
Qxe4 0-1

[Event "Southend Easter op 64th"]
[Site "Southend-on-Sea"]
[Date "2022.04.16"]
[Round "4.14"]
[White "Ethelontis, Alexandros N"]
[Black "Pert, Nina"]
[Result "1-0"]
[WhiteElo "2077"]
[BlackElo "1535"]
[PlyCount "79"]
[EventDate "2022.04.15"]
[EventType "swiss"]
[EventRounds "7"]
[EventCountry "ENG"]

1. Nf3 d5 2. c4 c6 3. e3 Nf6 4. Nc3 g6 5. d4 Bg7 6. Qb3 O-O 7. Bd3 a6 8. O-O
dxc4 9. Bxc4 b5 10. Be2 Bb7 11. Rd1 Nbd7 12. e4 Nb6 13. Be3 Qc7 14. h3 Rad8 15.
Rac1 Nh5 16. e5 Bh8 17. Ng5 Ng7 18. e6 Nxe6 19. Nxe6 fxe6 20. Qxe6+ Rf7 21. Ne4
Qd7 22. Bg4 Qd5 23. Ng5 Rd6 24. Qxf7+ Qxf7 25. Nxf7 Kxf7 26. Bf3 Nd5 27. Rc5
Nxe3 28. fxe3 Ke8 29. Rdc1 Kd7 30. d5 Kc7 31. b3 Bb2 32. Rb1 Ba3 33. b4 a5 34.
dxc6 Ba6 35. Re5 Bxb4 36. Rxe7+ Kd8 37. Rxh7 Bc5 38. c7+ Ke8 39. Rh8+ Kd7 40.
c8=Q+ 1-0

[Event "Southend Easter op 64th"]
[Site "Southend-on-Sea"]
[Date "2022.04.16"]
[Round "4.15"]
[White "Stewart, Ashley"]
[Black "Wilson, Edgar"]
[Result "1-0"]
[WhiteElo "2069"]
[BlackElo "1856"]
[PlyCount "89"]
[EventDate "2022.04.15"]
[EventType "swiss"]
[EventRounds "7"]
[EventCountry "ENG"]

1. d4 d5 2. c4 e6 3. Nf3 Nf6 4. g3 Be7 5. Bg2 O-O 6. O-O b6 7. cxd5 exd5 8. Nc3
Bb7 9. Ne5 Nbd7 10. Qa4 Nxe5 11. dxe5 Ne4 12. Nxe4 dxe4 13. Bxe4 Bxe4 14. Qxe4
Qd7 15. Bf4 Rad8 16. Rac1 c5 17. Rc2 Qe6 18. Qc4 Qf5 19. e4 Qg6 20. Rd2 Qc6 21.
Rfd1 b5 22. Qc2 c4 23. Rxd8 Rxd8 24. Rxd8+ Bxd8 25. Qd2 Be7 26. Qd5 Qe8 27. Be3
a6 28. e6 Bf6 29. exf7+ Qxf7 30. Qxf7+ Kxf7 31. Bc1 Ke6 32. f4 Bd4+ 33. Kf1 b4
34. Ke2 a5 35. b3 cxb3 36. axb3 a4 37. Kd3 Ba1 38. bxa4 b3 39. a5 Kd7 40. e5 b2
41. e6+ Kd6 42. Bxb2 Bxb2 43. a6 Kc6 44. e7 Kd7 45. a7 1-0

[Event "Southend Easter op 64th"]
[Site "Southend-on-Sea"]
[Date "2022.04.16"]
[Round "4.16"]
[White "Barton, Tom A"]
[Black "Young, Craig A"]
[Result "1-0"]
[WhiteElo "1779"]
[BlackElo "2049"]
[PlyCount "65"]
[EventDate "2022.04.15"]
[EventType "swiss"]
[EventRounds "7"]
[EventCountry "ENG"]

1. e4 e5 2. Nf3 Nc6 3. d4 exd4 4. Nxd4 Nf6 5. Nxc6 bxc6 6. e5 Qe7 7. Qe2 Nd5 8.
c4 Ba6 9. b3 g6 10. Bb2 Bg7 11. Nd2 Nb4 12. Ne4 O-O 13. Nf6+ Bxf6 14. exf6 Nc2+
15. Kd2 Qxe2+ 16. Bxe2 Nxa1 17. Rxa1 d5 18. Ba3 Rfe8 19. Be7 dxc4 20. Kc3 Rab8
21. bxc4 c5 22. Bd1 Rb6 23. Ba4 Reb8 24. Rd1 Rb2 25. Bxc5 Rxa2 26. Bb3 Re2 27.
Bxa7 Ra8 28. Be3 h5 29. Rd7 Bb7 30. Rxc7 Bxg2 31. c5 Rb8 32. Bxf7+ Kf8 33. Bh6#
1-0

[Event "Southend Easter op 64th"]
[Site "Southend-on-Sea"]
[Date "2022.04.16"]
[Round "4.17"]
[White "Vaidya, Raghav"]
[Black "Moore, John C"]
[Result "1/2-1/2"]
[WhiteElo "1561"]
[BlackElo "1980"]
[PlyCount "74"]
[EventDate "2022.04.15"]
[EventType "swiss"]
[EventRounds "7"]
[EventCountry "ENG"]

1. c4 c6 2. Nc3 d5 3. d4 Nf6 4. cxd5 cxd5 5. Bf4 Nc6 6. e3 Bf5 7. Nf3 e6 8. Be2
Bb4 9. O-O a6 10. a3 Bd6 11. Ne5 Bxe5 12. Bxe5 Nxe5 13. dxe5 Nd7 14. Qd4 Qb6
15. b4 Qxd4 16. exd4 Nb6 17. Rac1 Rc8 18. f4 h5 19. Rfd1 Kd7 20. Na2 h4 21.
Rxc8 Rxc8 22. Rc1 Bc2 23. Kf2 f5 24. Ke3 Bb3 25. Rxc8 Kxc8 26. Nc3 Bc4 27. a4
Kd7 28. a5 Bxe2 29. Kxe2 Nc4 30. Kd3 Kc6 31. Ke2 b6 32. axb6 Kxb6 33. Kd3 a5
34. bxa5+ Kxa5 35. Na2 Na3 36. Nc3 Nb5 37. Nb1 Kb4 1/2-1/2